Statistics for Countries with highest altitude capital cities

Click here to take the quiz!

General Stats

  • This quiz has been taken 76 times
  • The average score is 17 of 20

Answer Stats

Hint Answer % Correct
South AmericaBolivia
97%
AsiaNepal
96%
South AmericaEcuador
94%
AsiaBhutan
93%
South AmericaColombia
93%
Southern AfricaLesotho
90%
East AfricaEthiopia
89%
Arabian PeninsulaYemen
89%
East AfricaKenya
89%
Southern AfricaSouth Africa
87%
MesoamericaMexico
84%
MesoamericaGuatemala
81%
Southern AfricaZimbabwe
80%
Southern AfricaZambia
80%
Land-locked African stateRwanda
80%
Southern AfricaNamibia
79%
East AfricaEritrea
73%
AsiaMongolia
71%
Indian OceanMadagascar
70%
AsiaAfghanistan
69%

Score Distribution

Percentile by Number Answered

Percent of People with Each Score

Your Score History

You have not taken this quiz